LIBRARY & INFORMATION CENTRE, KCAET, TAVANUR

ONLINE PUBLIC ACCESS CATALOGUE (OPAC)

Poems of Arthur Hugh Clough / (Record no. 4971)

MARC details
000 -LEADER
fixed length control field 00383cam a2200145ua 4500
041 ## - LANGUAGE CODE
Language code of text/sound track or separate title eng
082 ## - DEWEY DECIMAL CLASSIFICATION NUMBER
Classification number 821
Item number CLO/PO
100 ## - MAIN ENTRY--AUTHOR NAME
Personal name Clough, Arthur Hugh .
245 ## - TITLE STATEMENT
Title Poems of Arthur Hugh Clough /
260 ## - PUBLICATION, DISTRIBUTION, ETC. (IMPRINT)
Place of publication London :
Name of publisher Oxford at the Clarendon Press ,
Year of publication 1951.
300 ## - PHYSICAL DESCRIPTION
Number of Pages 591 ; .
942 ## - ADDED ENTRY ELEMENTS (KOHA)
Koha item type Books
Holdings
Withdrawn status Lost status Damaged status Home library Current library Date acquired Full call number Accession Number Koha item type Public note
Withdrawn     KAUAET Malayalam University 07/04/2012 821 6485 Books Transferred to Malayalam University
free website counter